01013nam a22003377a 450000500170000000800410001702000180005804000410007604100080011710000330012524500520015824600400021025000120025026000640026230000330032650400530035965000130041265000090042565000180043465000150045265000180046765000190048565000100050465000160051465100140053070000230054470000230056770000230059070000270061371000350064020241004075338.0241004t ||||| |||| 00| 0 spa d a9786287526136 aCO-BoUCMcDavid MorenodDavid Moreno aspa1 aAyerbe Quiñones, Fernando 1 aAvifauna ColombianacFernando Ayerbe Quiñones aGuia Ilustrada Avifauna Colombiana  a3a. Ed  aBogota, Colombia bPanamericana Formas e Impresos S.Ac2022 a459 Paginas bilustraciones  aIncluye referencias bibliográficas e índices14aAvifauna14aAves14aBiodiversidad14aZoología14aOrnitología14aConservación14aFauna14aEcología 14aColombia 1 aBarragan, Andres 1 aZuñiga, Mateo L 1 aVillate, Angelica 1 aRios Rodriguez, Andre 2 aWildlife Conservation Society